[Event "44th Open Sitges 2018"]
[Site "Sitges"]
[Date "2018.07.26"]
[Round "6"]
[White "Guseinov, Gadir"]
[Black "Pulvett Marin, Daniel Eduardo"]
[Result "1/2-1/2"]
[WhiteElo "2654"]
[BlackElo "2458"]
[Annotator "TA"]
[PlyCount "83"]
[EventDate "2018.07.22"]
[EventType "swiss"]
[EventCountry "ESP"]
[SourceTitle "playchess.com"]
[Source "ChessBase"]
[SourceQuality "1"]

{[%evp 22,83,-22,-36,0,0,0,0,24,14,9,10,6,14,4,8,35,24,44,43,54,12,13,14,9,17,34,40,42,32,43,26,41,32,32,37,41,45,30,0,4,4,14,0,16,4,16,16,41,41,41,41,95,81,118,118,118,118,118,44,46,46,58,41]} 1. e4 e5 2. Nf3 Nc6 3. Bb5 a6 4. Bxc6 dxc6 5. O-O Bg4 6. h3 h5 7. d3 Qf6 8. Nbd2 Ne7 9. Nc4 Bxf3 10. Qxf3 Qxf3 11. gxf3 Ng6 12. Rd1 {LiveBook: 17 Games. C68: Ruy Lopez: Exchange Variation, sidelines} Bd6 13. Kf1 f6 14. a4 {[#] The position is equal.} b6 $146 ({Predecessor:} 14... Kf7 15. a5 Rad8 16. Be3 Rd7 17. c3 Re8 18. Ra4 Red8 19. Ke2 Nf8 {0-1 (52) Conquest,S (2500)-Khalifman,A (2655) Germany 1997}) 15. c3 c5 16. d4 cxd4 17. Nxd6+ cxd6 18. cxd4 Kd7 19. Be3 Rhc8 20. dxe5 fxe5 21. Bxb6 Rab8 22. a5 {[%cal Ba4a5,Ba5a6,Ba6a7][%mdl 32]} Nf4 23. b4 Nxh3 {[#]} 24. b5 $1 {[%mdl 512]} axb5 25. Be3 Nf4 26. a6 Ne6 27. a7 Ra8 28. Ra5 Nd4 29. Bxd4 exd4 30. Rxb5 {Strongly threatening Rg5.} Rxa7 31. Rxh5 $14 {[%mdl 4096] Endgame KRR-KRR} Rc2 32. Rh2 Ra3 33. Kg2 Raa2 34. Kg3 Rd2 35. Rxd2 Rxd2 {KR-KR} 36. Rh7 Re2 (36... Ke6 $14) 37. Rxg7+ $16 Kc6 38. Rg5 {aiming for Rd5.} d3 39. Rd5 d2 40. f4 (40. Kg4 $16) 40... Rxe4 $14 41. Rxd2 d5 42. Kg4 {Precision: White = 71%, Black = 40%.} 1/2-1/2

[Event "44th Open Sitges 2018"]
[Site "Sitges"]
[Date "2018.07.26"]
[Round "6"]
[White "Aguero Jimenez, Luis Lazaro"]
[Black "Abhishek, Das"]
[Result "1/2-1/2"]
[WhiteElo "2473"]
[BlackElo "2325"]
[Annotator "TA"]
[PlyCount "98"]
[EventDate "2018.07.22"]
[EventType "swiss"]
[EventCountry "ESP"]
[SourceTitle "playchess.com"]
[Source "ChessBase"]
[SourceQuality "1"]

{[%evp 27,98,21,32,6,16,16,10,13,17,11,18,6,16,20,16,20,18,14,25,21,23,14,16,14,19,13,45,22,23,14,19,16,19,0,0,0,12,2,7,0,0,0,0,0,0,0,0,0,0,0,0,0,4,0,0,0,0,8,9,0,0,0,0,0,0,0,0,0,0,0,0,0,0]} 1. Nf3 c5 2. g3 Nc6 3. c4 e6 4. Bg2 Nf6 5. O-O Be7 6. d4 d5 7. cxd5 exd5 8. Nc3 O-O 9. dxc5 Bxc5 10. Bg5 d4 11. Bxf6 Qxf6 12. Ne4 Qe7 13. Nxc5 Qxc5 14. Rc1 Qb6 {LiveBook: 43 Partien. D34: Damengambit (Tarrasch-Verteidigung, Hauptvariante)} (14... Qd6 15. Qd2 Bg4 16. Rfd1 Rad8 17. h3 Bh5 18. g4 Bg6 19. Nh4 Rfe8 20. Nxg6 hxg6 21. a3 Re6 22. b4 {½-½ (34) Yuffa,D (2527)-Demuth,A (2538) Cap d'Agde 2017}) 15. Rc2 Be6 16. b3 Rfd8 $146 ({Vorgänger:} 16... h6 17. Rd2 Rad8 18. Qa1 Rd7 19. Rfd1 Rfd8 20. Qb1 g6 21. Nh4 Ne7 22. Qb2 {1-0 (36) Gemende,G-Demmer,W DDR 1978}) 17. Rd2 h6 18. Qb1 a5 19. Rfd1 a4 20. bxa4 Qxb1 21. Rxb1 Rxa4 22. Rxb7 Rxa2 23. Rxa2 Bxa2 24. Rb6 Bd5 25. Nd2 {[#] Und weiter mit Lxd5 wäre nett.} Ne7 26. Rb4 d3 27. e3 (27. e4 {is more complex.} Be6 28. f4 Nc6 29. Ra4 Nd4 30. Kf2) 27... Nc6 28. Rb5 Bxg2 {Die Stellung ist ausgeglichen.} 29. Kxg2 $11 {[%mdl 4096] Endspiel KTS-KTS} Ra8 30. Rd5 Nb4 31. Rd7 Ra1 32. Nf3 Rd1 33. g4 Kf8 34. h4 Ke8 35. Rd4 Nc2 36. Rd5 f6 37. h5 Ke7 38. Kg3 Nb4 39. Rb5 Na2 40. Rb2 Nc3 {[#] zielt auf ...Tb1 ab.} 41. Kf4 Rf1 42. e4 Nd1 43. Rd2 Ke8 ({Falsch wäre} 43... Nxf2 $2 44. Nh2 $18) 44. Kf5 Nxf2 45. Nh2 Rc1 $1 {[%cal Rc1c2]} 46. Rxf2 {Droht Sf3 und aus.} Rc2 47. Rf3 {Droht stark Sf1.} Rxh2 48. Rxd3 Rg2 49. Ra3 Kf7 {Precision: Weiß = 51%, Schwarz = 68%.} 1/2-1/2

[Event "44th Open Sitges 2018"]
[Site "Sitges"]
[Date "2018.07.26"]
[Round "6"]
[White "Fernandez Cardoso, Alexey"]
[Black "Saurabh, Anand"]
[Result "1-0"]
[WhiteElo "2439"]
[BlackElo "2258"]
[Annotator "TA"]
[PlyCount "109"]
[EventDate "2018.07.22"]
[EventType "swiss"]
[EventCountry "ESP"]
[SourceTitle "playchess.com"]
[Source "ChessBase"]
[SourceQuality "1"]

{[%evp 27,109,9,23,0,1,-10,0,-6,0,-12,0,-27,10,0,-8,0,0,-42,-35,-85,0,0,0,-5,0,-12,17,0,58,0,0,0,0,0,99,0,0,0,-7,-40,-43,-120,-80,-72,-85,-97,-55,-104,-104,-70,-12,-76,-54,-141,-149,-144,0,0,0,0,77,86,75,0,633,630,619,356,348,329,345,336,357,351,347,344,491,488,481,478,473,455,725,714]} 1. e4 e5 2. Nf3 Nc6 3. Bb5 {[%cal Bf1b5,Bb5a4,Ba4b3][%mdl 32]} a6 4. Ba4 Nf6 5. O-O Be7 6. Re1 b5 7. Bb3 d6 8. c3 O-O 9. h3 Na5 10. Bc2 c5 11. d4 Nd7 12. d5 Nb6 {C96: Closed Ruy Lopez: Chigorin Defence: 11 d4, replies other than 11...Qc7} 13. Nbd2 g6 (13... Bd7 14. Nf1 Nb7 15. b3 a5 16. Rb1 c4 17. bxc4 Nxc4 18. a4 Qc7 19. axb5 Nb6 20. Be3 {0-1 (58) Hou,Y (2680)-Caruana,F (2811) Wijk aan Zee 2018}) 14. b3 f5 {[#] LiveBook: 4 Games. The position is equal.} 15. Nf1 $146 ({Predecessor:} 15. Bb2 f4 16. c4 Qc7 17. a3 bxc4 18. b4 Nb7 19. Bc3 cxb4 20. axb4 {½-½ (57) Dubov,D (2666)-Predke,A (2550) Kolomna 2016}) 15... f4 16. Bd3 Bd7 17. Be2 Nb7 18. N3d2 h5 19. a4 Qe8 {[%cal Rb5a4]} 20. axb5 axb5 21. Bb2 Qd8 22. Bd3 Rxa1 23. Bxa1 {[#]} Na8 ({Better is} 23... c4 $1 $17 {[%cal Rc4d3][%mdl 512]} 24. Be2 (24. bxc4 bxc4) 24... cxb3 25. Qxb3 Nc5) 24. Qe2 $11 Qb6 25. Bb2 Nc7 26. Nf3 Ne8 27. N1d2 g5 (27... Bf6 $11) 28. Nh2 (28. c4 $1 $14) 28... Nf6 29. c4 {[%cal Rc4b5]} b4 $1 30. Ndf3 Nh7 {[#]} (30... g4 $11 {remains equal.}) 31. Ra1 (31. Bxe5 $1 $16 dxe5 32. Nxe5) 31... g4 32. hxg4 hxg4 33. Nd2 Nf6 34. Kf1 (34. Qd1 $15) 34... Kf7 35. Ke1 Rh8 $36 {[%mdl 2048] Black is on the roll.} 36. Ndf1 Qd8 37. Qd1 Qb8 38. Ra6 Rh7 (38... Qg8 $15 39. Kd2 Rh5) 39. Qa1 (39. g3 $1 $11) 39... Qh8 $17 40. Ra8 ({Only move:} 40. Bxe5 $1 $15 dxe5 41. Qxe5 Rxh2 42. Qxf4) 40... Nd8 41. Bxe5 Rxh2 (41... dxe5 $17 42. Qxe5 Rxh2 43. Qxf4 Rh1) 42. Bxf4 $11 Rxg2 43. e5 dxe5 (43... Qh3 $11 44. Bg3 (44. exf6 Qf3 $11) (44. exd6 $2 Qxd3 45. dxe7 Qe4+ 46. Be3 Qxe7 $19) 44... dxe5 45. Qxe5 Rg1) 44. Qxe5 $16 {d6 is the strong threat.} Qh3 45. Bg3 (45. Ng3 $16) 45... Nh5 $2 {[%mdl 8192]} (45... Qh6 $11 46. Bf4 Qh5) 46. Ra7 $18 Nf6 47. Qg5 {Strongly threatening Bg6+.} Qh5 48. Qxh5+ Nxh5 49. Rxd7 Ke8 50. Ra7 Nxg3 51. Nxg3 ({Not} 51. fxg3 Bf6 $16) 51... Bf6 (51... Rh2 {was necessary.} 52. Bf5 Kf8 53. Bxg4 Rh4) 52. Kf1 {White is clearly winning.} Rh2 53. Bg6+ Kf8 54. Ne4 Bd4 (54... Rh1+ $142 55. Kg2 Rh6 56. Nxf6 Rxg6 57. Nd7+ Ke8 58. Nxc5 Nf7) 55. Rd7 {Precision: White = 35%, Black = 38%.} 1-0

[Event "44th Open Sitges 2018"]
[Site "Sitges"]
[Date "2018.07.26"]
[Round "6"]
[White "Alarcon Casellas, Rolando"]
[Black "Volkov, Sergey"]
[Result "1/2-1/2"]
[WhiteElo "2389"]
[BlackElo "2574"]
[Annotator "TA"]
[PlyCount "158"]
[EventDate "2018.07.22"]
[EventType "swiss"]
[EventCountry "ESP"]
[SourceTitle "playchess.com"]
[Source "ChessBase"]
[SourceQuality "1"]

{[%evp 21,158,-2,-4,-21,7,15,10,4,-2,-20,0,-25,-23,-16,-25,-23,0,-16,0,0,10,1,78,0,0,0,0,0,0,0,47,36,50,0,0,0,0,0,0,0,0,0,0,0,0,0,0,0,0,0,0,0,0,0,0,-45,-42,-46,-17,-24,-16,-56,-59,-110,-78,-112,-117,-97,-132,-93,-5,-2,0,0,0,0,0,0,0,0,0,0,0,0,0,0,0,-22,0,0,0,0,0,0,0,0,0,0,0,0,8,0,16,0,8,8,16,8,8,8,8,8,8,8,8,8,8,8,8,8,8,8,8,8,8,8,8,8,8,8,8,0,0,0,0,0,0,0,0]} 1. d4 d5 2. c4 c6 3. Nc3 dxc4 4. e3 b5 5. a4 b4 6. Na2 e6 7. Bxc4 Nf6 8. Nf3 c5 9. O-O Bb7 10. Qe2 Nbd7 11. Rd1 Qc7 {LiveBook: 4 Games. D15: Slav Defence: 4 Nc3 a6 and gambit lines after 4 Nc3 dxc4} (11... Qb8 12. Bd2 a5 13. Bb5 cxd4 14. exd4 Bxf3 15. Qxf3 Bd6 16. d5 O-O 17. dxe6 Bxh2+ 18. Kh1 Ne5 19. Qh3 {0-1 (62) Hera,I (2570)-Ducarmon,Q (2410) Belgium 2012}) 12. b3 Bd6 $146 ({Predecessor:} 12... Be7 13. Bb2 O-O 14. Nc1 a5 15. Nd3 Rfd8 16. Rac1 Ne4 17. Nfe5 Nb6 18. dxc5 Nxc4 19. Nxc4 Nxc5 20. Qg4 Bf8 21. Nce5 f5 22. Qh5 Rd5 23. Nxc5 g6 24. Rxd5 Bxd5 25. Qd1 Bxc5 26. Nd3 {1-0 (26) Maroczy,G-Przepiorka,D Gyor 1924}) 13. dxc5 Bxc5 14. Bb2 O-O 15. Nc1 e5 16. Nh4 e4 17. Nf5 Ne5 $1 18. h3 Rad8 19. Nd4 (19. Na2 {keeps more tension.} Bc8 20. Ng3 a5 21. Rac1 Rxd1+ 22. Qxd1 Nxc4 23. Rxc4 Be6 24. Bxf6 gxf6 25. Nxe4 Rd8 26. Nxf6+ Kf8 27. Qh5) 19... Nd5 20. Qc2 Nb6 21. Bf1 Rc8 (21... Nd5 $11) 22. a5 (22. Nb5 $16 Qb8 23. Nxa7 Qxa7 24. Bxe5) 22... Nd5 23. Bc4 Rfd8 24. a6 Ba8 25. Nce2 Qb8 26. Nf5 (26. Qxe4 $2 Nc3 $19) 26... Bf8 27. Qxe4 Nc3 $1 28. Rxd8 Rxd8 29. Qh4 Nxc4 (29... Nxe2+ $6 30. Bxe2 Ng6 31. Qh5 $16) 30. Qxc4 Bd5 (30... Rc8 $5 31. Qg4 $8 g6 $14) 31. Qg4 h5 32. Qxh5 g6 $1 {[%cal Rg6h5]} 33. Qg4 Be6 34. e4 $1 Qe5 {[%cal Re6f5]} ({Much weaker is} 34... Nxe2+ $6 35. Qxe2 Qb6 36. Bf6 $16) 35. Bxc3 $1 bxc3 {[%cal Bb4c3,Bc3c2][%mdl 32]} 36. Qg5 Qc7 {Threatens to win with ...c2.} 37. Nfd4 c2 $1 $36 {[%mdl 2048] Black has good play.} 38. Rc1 {[#]} Bxb3 $1 {[%mdl 512]} 39. e5 $1 (39. Nxb3 Rd1+) 39... Ba4 (39... Bg7 $5 {[%cal Rg7e5]} 40. Qe3 (40. Nxb3 Rd1+ 41. Kh2 Bxe5+ 42. f4 Bb2 $15) 40... Ba4 $15) 40. e6 {Strongly threatening exf7+.} Bg7 41. exf7+ Kxf7 42. Qg4 (42. Qe3 $1 $15) 42... Rd6 43. Qf3+ Kg8 44. Qa3 Qd7 45. Nxc2 {[#]} Rd1+ ({Black should try} 45... Rd2 $1 $17 {[%cal Rd2e2]} 46. Ned4 (46. Qa2+ Kh7 $17) 46... Bxd4 47. Nxd4 Rxd4) 46. Ne1 $11 {Nf4 is the strong threat.The position is equal.} Qd2 47. Rxd1 $1 Bxd1 48. Nf3 Qxe2 49. Qd6 Ba4 50. Qd5+ Kf8 {Hoping for ...Qd1+.} 51. Qa8+ Be8 52. Qxa7 Qd1+ 53. Kh2 Qd6+ 54. Kg1 Bc6 55. Qe3 Bf6 56. Qh6+ Bg7 57. Qe3 Bf6 58. Qh6+ Kf7 {White must now prevent ...Bxf3.} 59. Ng5+ Bxg5 $1 60. Qxg5 Qd1+ 61. Kh2 Qd6+ 62. Kg1 Ba8 63. a7 Qd1+ 64. Kh2 Qd4 65. Qe3 Qxe3 66. fxe3 {[%mdl 4096] Endgame With the idea g4. KB-KP} Kf6 67. g4 Ke5 68. h4 Be4 69. Kg3 Bb7 70. h5 gxh5 $1 71. gxh5 {aiming for Kg4. KB-K3P} Kf5 $1 72. Kh4 Ba8 73. h6 {Intending h7 and mate.} Kg6 74. Kg4 Kxh6 75. Kf5 Kg7 76. e4 Kf7 77. e5 Ke7 78. e6 Bb7 79. Ke5 Ba8 {Precision: White = 64%, Black = 59%.} 1/2-1/2

[Event "44th Open Sitges 2018"]
[Site "Sitges"]
[Date "2018.07.26"]
[Round "6"]
[White "Kulkarni Bhakti"]
[Black "Argandona Riveiro, Inigo"]
[Result "1-0"]
[WhiteElo "2285"]
[BlackElo "2423"]
[Annotator "NA"]
[PlyCount "95"]
[EventDate "2018.07.22"]
[EventType "swiss"]
[EventCountry "ESP"]
[SourceTitle "playchess.com"]
[Source "ChessBase"]
[SourceQuality "1"]
[TimeControl "40/5400+30:1800+30"]

1. d4 {[%emt 0:00:10]} d6 {[%emt 0:00:05]} 2. c4 {[%emt 0:00:36]} e5 {[%emt 0:01:23]} 3. Nc3 {[%emt 0:01:04]} Nd7 {[%emt 0:00:23]} 4. Nf3 {[%emt 0:00:39]} Ngf6 {[%emt 0:00:08]} 5. e4 {[%emt 0:01:15]} Be7 {[%emt 0:00:05]} 6. Be2 {[%emt 0:00:49]} O-O {[%emt 0:00:03]} 7. O-O {[%emt 0:00:11]} Re8 {[%emt 0:00:02]} 8. Re1 {[%emt 0:00:56]} exd4 {[%emt 0:00:51]} 9. Nxd4 {[%emt 0:00:17]} Bf8 {[%emt 0:00:04]} 10. f3 {[%emt 0:00:53]} a5 {[%emt 0:01:08]} 11. Bf1 {[%emt 0:01:15]} Nc5 {[%emt 0:03:37]} 12. Be3 {[%emt 0:06:34]} c6 {[%emt 0:02:54]} 13. Qc2 {[%emt 0:03:11]} g6 {[%emt 0:13:31]} 14. b3 {[%emt 0:05:09]} Nfd7 {[%emt 0:14:44]} 15. a3 {[%emt 0:06:01]} Bg7 {[%emt 0:04:35]} 16. Rad1 {[%emt 0:03:08]} Ne5 {[%emt 0:11:10]} 17. Kh1 {[%emt 0:10:02]} Qh4 {[%emt 0:08:44]} 18. Bf2 {[%emt 0:11:33]} Qf6 {[%emt 0:05:21]} 19. b4 {[%emt 0:17:28]} axb4 {[%emt 0:00:05]} 20. axb4 {[%emt 0:00:04]} Ne6 {[%emt 0:00:55]} 21. Na4 {[%emt 0:01:27]} Nf4 {[%emt 0:05:06]} 22. Be3 {[%emt 0:10:05]} h5 {[%emt 0:16:43]} 23. Nb6 {[%emt 0:00:30]} Ra3 {[%emt 0:06:29]} 24. Qc1 {[%emt 0:01:13]} Rxe3 {[%emt 0:00:04]} 25. Qxe3 {[%emt 0:00:16]} h4 {[%emt 0:00:14]} 26. Ne2 {[%emt 0:04:43]} Nh5 {[%emt 0:01:55]} 27. Nxc8 {[%emt 0:00:33]} Rxc8 {[%emt 0:01:28]} 28. c5 {[%emt 0:00:46]} dxc5 {[%emt 0:00:50]} 29. bxc5 {[%emt 0:00:09]} Ng3+ {[%emt 0:01:47]} 30. hxg3 {[%emt 0:00:54]} hxg3 {[%emt 0:00:01]} 31. Qf4 {[%emt 0:00:12]} Qxf4 {[%emt 0:00:27]} 32. Nxf4 {[%emt 0:00:03]} Bh6 {[%emt 0:00:18]} 33. Nh3 {[%emt 0:01:41]} Bf8 {[%emt 0:00:20]} 34. f4 {[%emt 0:00:34]} Ng4 {[%emt 0:00:10]} 35. Rd3 {[%emt 0:01:03]} Bxc5 {[%emt 0:01:39]} 36. Rxg3 {[%emt 0:00:03]} Nf2+ {[%emt 0:00:10]} 37. Kh2 {[%emt 0:00:10]} Kg7 {[%emt 0:00:05]} 38. Rc1 {[%emt 0:00:22]} Be3 {[%emt 0:00:13]} 39. Rc2 {[%emt 0:00:52]} Rh8 {[%emt 0:00:53]} 40. Rf3 {[%emt 0:00:53]} Ng4+ {[%emt 0:00:32]} 41. Kg3 {[%emt 0:00:24]} f5 {[%emt 0:00:06]} 42. exf5 {[%emt 0:00:34]} gxf5 {[%emt 0:00:01]} 43. Bd3 {[%emt 0:01:05]} Kf6 {[%emt 0:00:17]} 44. Re2 {[%emt 0:00:11]} Rg8 {[%emt 0:06:05]} 45. Ng5 {[%emt 0:00:31]} Bxf4+ {[%emt 0:00:04]} 46. Kxf4 {[%emt 0:01:06]} Rxg5 {[%emt 0:00:02]} 47. Rg3 {[%emt 0:00:53]} Rh5 {[%emt 0:01:18]} 48. Bxf5 {[%emt 0:00:58]} 1-0

[Event "44th Open Sitges 2018"]
[Site "Sitges"]
[Date "2018.07.26"]
[Round "6"]
[White "Anuj, Shrivatri"]
[Black "Munoz, Miguel"]
[Result "1/2-1/2"]
[WhiteElo "2094"]
[BlackElo "2500"]
[Annotator "TA"]
[PlyCount "30"]
[EventDate "2018.07.22"]
[EventType "swiss"]
[EventCountry "ESP"]
[SourceTitle "playchess.com"]
[Source "ChessBase"]
[SourceQuality "1"]

{[%evp 14,30,61,48,115,122,157,153,197,164,150,75,75,62,86,77,74,81,63]} 1. d4 Nf6 2. Nf3 c5 3. d5 e6 4. Nc3 exd5 5. Nxd5 Nxd5 6. Qxd5 d6 {A43: Alt-Benoni} (6... Nc6 7. Ng5 Qe7 8. c3 d6 9. Bf4 Be6 10. Qd2 d5 11. e3 h6 12. Nxe6 Qxe6 13. O-O-O O-O-O 14. Bd3 Bd6 {1-0 (53) Kramnik,V (2809)-Hou,Y (2651) Medias 2016}) 7. Ng5 Qe7 8. Bf4 {LiveBook: 7 Partien. zielt auf e3 ab.} Nc6 {[#]} (8... Be6 $1 $14 9. Qf3 (9. Nxe6 fxe6 10. Qf3 Nc6 $14) 9... Nc6) 9. O-O-O $1 $16 {[%cal Rf4d6]} Nb4 {[#]} 10. Qf3 $1 {e3 ist eine echte Drohung.} ({Bitte nicht} 10. Qxd6 $6 Qxd6 11. Bxd6 Bxd6 $11) 10... d5 {Und ...h6 würde nun gewinnen.} 11. a3 $146 {Droht e4 und aus.} ({Vorgänger:} 11. e4 h6 12. Bb5+ Bd7 13. Bxd7+ Qxd7 14. exd5 hxg5 {1-0 (25) Bruno,F (2428)-Teutsch,A (2149) Porto San Giorgio 2014}) 11... h6 12. axb4 ({Günstiger ist} 12. Nxf7 $1 Na2+ 13. Kb1 Qxf7 14. e3 (14. Kxa2 Be7 $16)) 12... hxg5 13. Bg3 Be6 14. e4 d4 15. Bb5+ Bd7 1/2-1/2

[Event "44th Open Sitges 2018"]
[Site "Sitges"]
[Date "2018.07.26"]
[Round "6"]
[White "Todts, Benny"]
[Black "Jimenez Ortiz, Gonzalo"]
[Result "1-0"]
[WhiteElo "1938"]
[BlackElo "1949"]
[Annotator "NA RC"]
[PlyCount "109"]
[EventDate "2018.07.22"]
[EventType "swiss"]
[EventCountry "ESP"]
[SourceTitle "playchess.com"]
[Source "ChessBase"]
[SourceQuality "1"]
[TimeControl "40/5400+30:1800+30"]

1. d4 {[%emt 0:00:03]} d5 {[%emt 0:00:17]} 2. c4 {[%emt 0:00:06]} c6 {[%emt 0:00:12]} 3. Nc3 {[%emt 0:00:05]} Nf6 {[%emt 0:00:41]} 4. Nf3 {[%emt 0:00:29]} e6 {[%emt 0:00:17]} 5. Bf4 {[%emt 0:00:05]} dxc4 {[%emt 0:01:33]} 6. a4 {[%emt 0:01:48] D43: Semi-Slav: 5 Bg5 h6} Bb4 {[%emt 0:02:48]} 7. e3 {[%emt 0:01:18]} (7. Qc2 b5 8. e4 Bb7 9. Be2 Nbd7 10. O-O a6 11. Rfd1 O-O 12. e5 Nd5 13. Ng5 g6 14. Nxd5 cxd5 {1-0 (51) Gazik,V (2479)-Miton,K (2584) Katowice 2017}) 7... b5 {[%emt 0:04:20]} 8. Qc2 {[%emt 0:00:52]} Bb7 {[%emt 0:05:31]} 9. Be2 {[%emt 0:00:42]} a6 {[%emt 0:03:16]} 10. O-O {[%emt 0:00:18]} Nbd7 {[%emt 0:06:09]} 11. Rad1 {[%emt 0:06:32]} O-O {[%emt 0:20:35]} 12. Bg5 $146 {[%emt 0:15:32]} ({Predecessor:} 12. e4 Qb6 13. Be3 c5 14. d5 Bxc3 15. dxe6 Qxe6 16. Qxc3 Nxe4 {0-1 (33) Cortes,M-Rollerblader13 Dos Hermanas 2003}) 12... Be7 {[%emt 0:05:32]} 13. e4 {[%emt 0:12:30]} h6 {[%emt 0:02:15]} 14. Bh4 {[%emt 0:01:36]} Re8 {[%emt 0:01:40]} 15. e5 {[%emt 0:01:33]} Nd5 {[%emt 0:05:14]} 16. Bxe7 {[%emt 0:00:09]} Qxe7 {[%emt 0:04:38]} 17. Ne4 {[%emt 0:00:40]} Red8 {[%emt 0:08:11]} 18. Nd6 {[%emt 0:03:06]} N7b6 {[%emt 0:00:42]} 19. a5 {[%emt 0:02:37]} Na4 {[%emt 0:04:30]} 20. Nd2 {[%emt 0:05:25]} c5 {[%emt 0:02:32]} 21. Bxc4 {[%emt 0:01:40]} Nb4 {[%emt 0:02:56]} 22. Qb3 {[%emt 0:00:48]} Nc6 {[%emt 0:01:52]} 23. Bxb5 {[%emt 0:01:17]} Nxa5 {[%emt 0:04:13]} 24. Qxa4 {[%emt 0:00:40]} axb5 {[%emt 0:00:17]} 25. Qxb5 {[%emt 0:02:31]} Ba6 {[%emt 0:00:37]} 26. Qxa5 {[%emt 0:00:14]} Bxf1 {[%emt 0:00:11]} 27. Qxc5 {[%emt 0:00:22]} Be2 {[%emt 0:02:35]} 28. Re1 {[%emt 0:02:29]} Qg5 {[%emt 0:02:06]} 29. N6e4 {[%emt 0:01:47]} Qh5 {[%emt 0:01:50]} 30. Ng3 {[%emt 0:00:26]} Qg5 {[%emt 0:01:52]} 31. Rxe2 {[%emt 0:03:53]} Rdc8 {[%emt 0:00:47]} 32. Qb5 {[%emt 0:01:17]} Rab8 {[%emt 0:02:37]} 33. Qd3 {[%emt 0:01:51]} Rxb2 {[%emt 0:00:27]} 34. h4 {[%emt 0:03:40]} Qxh4 {[%emt 0:01:09]} 35. Nf3 {[%emt 0:00:05]} Rc1+ {[%emt 0:00:21]} 36. Nf1 {[%emt 0:00:12]} Rxf1+ {[%emt 0:00:53]} 37. Kxf1 {[%emt 0:00:05]} Qh1+ {[%emt 0:00:23]} 38. Ng1 {[%emt 0:00:08]} Rxe2 {[%emt 0:00:20]} 39. Qxe2 {[%emt 0:00:07]} Qh4 {[%emt 0:00:31]} 40. Qe3 {[%emt 0:01:16]} Qh5 {[%emt 0:00:19]} 41. f3 {[%emt 0:01:20]} Qh4 {[%emt 0:02:48]} 42. Nh3 {[%emt 0:01:29]} Qd8 {[%emt 0:02:28]} 43. Qe4 {[%emt 0:01:18]} g6 {[%emt 0:03:00]} 44. Qf4 {[%emt 0:03:54]} Qd5 {[%emt 0:00:56]} 45. Nf2 {[%emt 0:02:02]} h5 {[%emt 0:04:13]} 46. Nh3 {[%emt 0:01:58]} Qb7 {[%emt 0:02:24]} 47. Ng5 {[%emt 0:02:27]} Qb1+ {[%emt 0:01:26]} 48. Kf2 {[%emt 0:00:12]} Qb7 {[%emt 0:00:27]} 49. Ne4 {[%emt 0:01:14]} Kg7 {[%emt 0:00:55]} 50. Qf6+ {[%emt 0:01:55]} Kg8 {[%emt 0:00:43]} 51. Qd8+ {[%emt 0:00:53]} Kg7 {[%emt 0:00:22]} 52. Nf6 {[%emt 0:01:21]} Qb2+ {[%emt 0:03:25]} 53. Kg3 {[%emt 0:00:36]} Kh6 {[%emt 0:02:20]} 54. Qh8+ {[%emt 0:00:12]} Kg5 {[%emt 0:00:28]} 55. Ne4+ {[%emt 0:00:06]} 1-0

[Event "44th Open Sitges 2018"]
[Site "Sitges"]
[Date "2018.07.27"]
[Round "7"]
[White "Volkov, Sergey"]
[Black "Kulkarni Bhakti"]
[Result "1/2-1/2"]
[WhiteElo "2574"]
[BlackElo "2285"]
[Annotator "ChessBase"]
[PlyCount "91"]
[EventDate "2018.07.22"]
[EventType "swiss"]
[EventCountry "ESP"]
[SourceTitle "playchess.com"]
[Source "ChessBase"]
[SourceQuality "1"]
[TimeControl "40/5400+30:1800+30"]

1. d4 {[%emt 0:00:04]} d5 {[%emt 0:00:21]} 2. c4 {[%emt 0:00:06]} e6 {[%emt 0:00:16]} 3. Nc3 {[%emt 0:00:09]} Nf6 {[%emt 0:00:29]} 4. cxd5 {[%emt 0:00:15]} exd5 {[%emt 0:00:23]} 5. Bg5 {[%emt 0:00:06]} Be7 {[%emt 0:00:20]} 6. e3 {[%emt 0:00:06]} c6 {[%emt 0:00:33]} 7. Bd3 {[%emt 0:02:12]} Nbd7 {[%emt 0:00:45]} 8. Nge2 {[%emt 0:05:10]} h6 {[%emt 0:02:56]} 9. Bh4 {[%emt 0:02:24]} Nh5 {[%emt 0:00:53]} 10. Bxe7 {[%emt 0:01:32]} Qxe7 {[%emt 0:00:06]} 11. Rb1 {[%emt 0:04:58]} a5 {[%emt 0:02:20]} 12. a3 {[%emt 0:01:51]} O-O {[%emt 0:02:28]} 13. O-O {[%emt 0:01:55]} f5 {[%emt 0:12:51]} 14. b4 {[%emt 0:01:00]} axb4 {[%emt 0:00:20]} 15. axb4 {[%emt 0:00:02]} b5 {[%emt 0:03:26]} 16. Nc1 {[%emt 0:00:49]} g6 {[%emt 0:01:24]} 17. Be2 {[%emt 0:04:53]} Ng7 {[%emt 0:07:57]} 18. Nd3 {[%emt 0:01:44]} g5 {[%emt 0:03:57]} 19. g3 {[%emt 0:01:06]} Ne8 {[%emt 0:05:02]} 20. Bf3 {[%emt 0:07:49]} Bb7 {[%emt 0:04:12]} 21. Ne2 {[%emt 0:05:19]} Nd6 {[%emt 0:01:34]} 22. Nec1 {[%emt 0:00:32]} Nc4 {[%emt 0:02:18]} 23. Nb3 {[%emt 0:00:23]} Nf6 {[%emt 0:07:40]} 24. Ra1 {[%emt 0:02:29]} Rxa1 {[%emt 0:03:00]} 25. Qxa1 {[%emt 0:00:40]} Ne4 {[%emt 0:02:11]} 26. Qc1 {[%emt 0:03:12]} Ra8 {[%emt 0:01:01]} 27. Qc2 {[%emt 0:00:57]} Bc8 {[%emt 0:01:07]} 28. Bg2 {[%emt 0:02:42]} Ra3 {[%emt 0:03:34]} 29. Ra1 {[%emt 0:00:48]} Rxa1+ {[%emt 0:01:22]} 30. Nxa1 {[%emt 0:00:07]} Qa7 {[%emt 0:00:23]} 31. Nb3 {[%emt 0:00:08]} Qa4 {[%emt 0:00:56]} 32. Bf3 {[%emt 0:03:49]} Ned2 {[%emt 0:17:13]} 33. Bd1 {[%emt 0:00:09]} Nxb3 {[%emt 0:00:06]} 34. Qxb3 {[%emt 0:00:04]} Qa1 {[%emt 0:00:21]} 35. Kg2 {[%emt 0:01:30]} f4 {[%emt 0:01:27]} 36. gxf4 {[%emt 0:01:41]} Bf5 {[%emt 0:01:34]} 37. fxg5 {[%emt 0:01:27]} hxg5 {[%emt 0:01:56]} 38. Qc2 {[%emt 0:06:18]} Be4+ {[%emt 0:01:49]} 39. Bf3 {[%emt 0:01:22]} Bxf3+ {[%emt 0:01:23]} 40. Kxf3 {[%emt 0:00:15]} Qh1+ {[%emt 0:00:13]} 41. Ke2 {[%emt 0:05:41]} Qxh2 {[%emt 0:00:47]} 42. Ne5 {[%emt 0:06:10]} Qh5+ {[%emt 0:06:07]} 43. Kd3 {[%emt 0:02:16]} Qh1 {[%emt 0:06:25]} 44. Ke2 {[%emt 0:00:51]} Qh5+ {[%emt 0:00:08]} 45. Kd3 {[%emt 0:01:46]} Qh1 {[%emt 0:00:12]} 46. Ke2 {[%emt 0:00:48]} 1/2-1/2